[Event "Belgrade-chT"]
[Site "Belgrade"]
[Date "2014.11.01"]
[Round "9"]
[White "Micanovic, Dragutin"]
[Black "Radovic, Goran"]
[Result "0-1"]
[WhiteElo "1843"]
[BlackElo "1975"]
[PlyCount "47"]
[EventDate "2014.10.04"]
[EventType "team-tourn"]
[EventRounds "13"]
[EventCountry "SRB"]
[SourceTitle "EXT 2015"]
[Source "ChessBase"]
[SourceDate "2014.11.20"]
[SourceVersion "1"]
[SourceVersionDate "2014.11.20"]
[SourceQuality "1"]

1. d4 Nf6 2. c4 g6 3. Nc3 Bg7 4. e4 d6 5. Bd3 0-0 6. Nge2 Nbd7 7. 0-0 c5 8. d5 Ne5 9. Rb1 Nh5 10. Be3 a6 11. b3 Bd7 12. a4 Qa5 13. Qc2 Rfb8 14. Bd2 Qc7 15. f4 Nxd3 16. Qxd3 f5 17. h3 b5 18. exf5 Bxf5 19. Ne4 Nf6 20. N2g3 Nxe4 21. Nxe4 bxc4 22. Qxc4 Bd4+ 23. Kh2 Bxe4 24. Be3 0-1

[Event "Belgrade-chT"]
[Site "Belgrade"]
[Date "2014.10.12"]
[Round "4"]
[White "Micanovic, Dragutin"]
[Black "Vuksanovic, Djordjije"]
[Result "0-1"]
[WhiteElo "1843"]
[BlackElo "2075"]
[PlyCount "76"]
[EventDate "2014.10.04"]
[EventType "team-tourn"]
[EventRounds "13"]
[EventCountry "SRB"]
[SourceTitle "EXT 2015"]
[Source "ChessBase"]
[SourceDate "2014.11.20"]
[SourceVersion "1"]
[SourceVersionDate "2014.11.20"]
[SourceQuality "1"]

1. Nf3 d5 2. d4 Nf6 3. c4 c6 4. Nc3 e6 5. Bg5 Be7 6. e3 0-0 7. c5 Nbd7 8. b4 Ne4 9. Nxe4 dxe4 10. Bxe7 Qxe7 11. Nd2 f5 12. Bc4 Nf6 13. 0-0 Nd5 14. g3 Nxb4 15. Qb3 Nd5 16. f4 Rb8 17. Qa3 b6 18. Rab1 Qc7 19. Bxd5 exd5 20. Qb4 Ba6 21. Rfc1 Bd3 22. Rb3 Rb7 23. Qc3 b5 24. Qb2 Rfb8 25. a3 a5 26. Qa1 b4 27. a4 Qf7 28. h4 Bc4 29. Rb2 b3 30. Rc3 Qh5 31. Nxc4 dxc4 32. Rxc4 Rb4 33. Rxb4 Rxb4 34. Qe1 Qf3 35. Qf2 Qd1+ 36. Qf1 Qc2 37. Qf2 Rc4 38. Rxc2 bxc2 0-1

[Event "Paleochora op 4th"]
[Site "Paleochora"]
[Date "2011.07.20"]
[Round "1"]
[White "Prohaszka, Peter"]
[Black "Micanovic, Dragutin"]
[Result "1-0"]
[WhiteElo "2547"]
[BlackElo "1877"]
[PlyCount "61"]
[EventDate "2011.07.20"]
[EventType "swiss"]
[EventRounds "9"]
[EventCountry "GRE"]
[SourceTitle "CBM 143 Extra"]
[Source "ChessBase"]
[SourceDate "2011.08.29"]
[SourceVersion "1"]
[SourceVersionDate "2011.08.29"]
[SourceQuality "1"]

1. d4 Nf6 2. c4 c6 3. Nf3 e6 4. Nc3 Be7 5. e4 d6 6. Bd3 Qc7 7. e5 Nfd7 8. Qe2 d5 9. 0-0 dxc4 10. Bxc4 Nb6 11. Bd3 Nd5 12. Bg5 h6 13. Bxe7 Qxe7 14. Ne4 0-0 15. Nfd2 Nd7 16. Rac1 N7b6 17. Bb1 g6 18. a3 a5 19. Qf3 Kg7 20. Qg3 f5 21. exf6+ Nxf6 22. Nd6 g5 23. h4 Nh5 24. Qd3 Kh8 25. Qg6 Nf4 26. Qxh6+ Kg8 27. Rfe1 gxh4 28. Re5 Rf6 29. Rg5+ Ng6 30. Bxg6 Qxd6 31. Be8+ 1-0

[Event "Belgrade op"]
[Site "Belgrade"]
[Date "2009.12.02"]
[Round "9"]
[White "Micanovic, Dragutin"]
[Black "Nikolic, Marko"]
[Result "0-1"]
[WhiteElo "1910"]
[BlackElo "2071"]
[PlyCount "96"]
[EventDate "2009.11.24"]
[EventType "swiss"]
[EventRounds "9"]
[EventCountry "YUG"]
[SourceTitle "CBM 133 Extra"]
[Source "ChessBase"]
[SourceDate "2010.01.05"]
[SourceVersion "1"]
[SourceVersionDate "2010.01.05"]
[SourceQuality "1"]

1. c4 c5 2. Nf3 Nf6 3. Nc3 e6 4. e3 a6 5. d4 cxd4 6. Nxd4 Be7 7. Bd3 b6 8. b3 Bb7 9. f3 Qc7 10. 0-0 0-0 11. Qc2 d6 12. Ne4 Nbd7 13. Ng5 h6 14. Ngxe6 fxe6 15. Nxe6 Qc6 16. Nxf8 Rxf8 17. Bb2 Nc5 18. Bg6 Ne6 19. Rad1 Qc5 20. Kh1 Nd7 21. Be4 Qc7 22. Bd5 Bxd5 23. Rxd5 Nf6 24. Bxf6 Rxf6 25. Qd2 Qc6 26. Qd3 Nc5 27. Qb1 Qd7 28. b4 Nb7 29. Qb3 Kh8 30. h3 Nd8 31. a4 Qb7 32. b5 a5 33. Qc2 Ne6 34. Rf5 Nc5 35. Rxf6 Bxf6 36. Rd1 Qe7 37. e4 Be5 38. Kg1 Qg5 39. Kf1 Qe3 40. Re1 Qa3 41. Kf2 Nxa4 42. g3 Nc5 43. Rd1 Qb3 44. Qxb3 Nxb3 45. f4 Bd4+ 46. Kf3 a4 47. Rd3 Bb2 48. Rxd6 a3 0-1

[Event "Belgrade op"]
[Site "Belgrade"]
[Date "2009.11.29"]
[Round "6"]
[White "Cvetkovic, Vidoje"]
[Black "Micanovic, Dragutin"]
[Result "1-0"]
[WhiteElo "2089"]
[BlackElo "1910"]
[PlyCount "79"]
[EventDate "2009.11.24"]
[EventType "swiss"]
[EventRounds "9"]
[EventCountry "YUG"]
[SourceTitle "CBM 133 Extra"]
[Source "ChessBase"]
[SourceDate "2010.01.05"]
[SourceVersion "1"]
[SourceVersionDate "2010.01.05"]
[SourceQuality "1"]

1. e4 c5 2. Nf3 d6 3. d4 cxd4 4. Nxd4 Nc6 5. Be3 Nf6 6. f3 e6 7. c4 Be7 8. Nc3 0-0 9. Qd2 a6 10. Bd3 e5 11. Nc2 Be6 12. 0-0 Rc8 13. b3 Nd7 14. g4 Qc7 15. Rac1 b6 16. Rfd1 Rfd8 17. Bf1 Nc5 18. b4 Nb7 19. Qf2 Rd7 20. Na4 Re8 21. Nxb6 Rdd8 22. Nd5 Qb8 23. b5 Bxd5 24. exd5 Nca5 25. Bb6 Rc8 26. bxa6 Nxc4 27. Ba7 Qa8 28. axb7 Qxb7 29. Rb1 Qa8 30. Nb4 Bh4 31. Qxh4 Qxa7+ 32. Qf2 Qxf2+ 33. Kxf2 e4 34. fxe4 Rxe4 35. Nc6 g5 36. Bxc4 Rf4+ 37. Kg3 Re8 38. Rd4 Re3+ 39. Kg2 Rff3 40. Ne7+ 1-0

[Event "Belgrade op"]
[Site "Belgrade"]
[Date "2009.11.24"]
[Round "1"]
[White "Micanovic, Dragutin"]
[Black "Kahrovic, Mersid"]
[Result "0-1"]
[WhiteElo "1910"]
[BlackElo "2299"]
[PlyCount "126"]
[EventDate "2009.11.24"]
[EventType "swiss"]
[EventRounds "9"]
[EventCountry "YUG"]
[SourceTitle "CBM 133 Extra"]
[Source "ChessBase"]
[SourceDate "2010.01.05"]
[SourceVersion "1"]
[SourceVersionDate "2010.01.05"]
[SourceQuality "1"]

1. Nf3 Nf6 2. c4 g6 3. Nc3 Bg7 4. e3 0-0 5. d4 d6 6. Be2 c6 7. 0-0 Nbd7 8. e4 Qc7 9. Be3 b6 10. Rc1 Bb7 11. h3 e5 12. d5 c5 13. Qd2 Rfe8 14. Bh6 Bh8 15. Bd3 a6 16. a4 Bc8 17. g4 Bg7 18. Nh4 Qd8 19. Ng2 Ra7 20. b3 Bxh6 21. Qxh6 Kh8 22. f3 Ng8 23. Qh4 g5 24. Qg3 Nf8 25. h4 gxh4 26. Qxh4 f6 27. Kf2 Rg7 28. Rh1 Bd7 29. Rh2 Rg5 30. Rch1 h6 31. Ne3 Ng6 32. Qg3 Nf4 33. Be2 Re7 34. Nf5 Bxf5 35. exf5 Rgg7 36. Ne4 Rh7 37. Bf1 Ra7 38. Ke3 b5 39. cxb5 Nxd5+ 40. Kf2 axb5 41. Bxb5 Nf4 42. Rd1 d5 43. Bc4 Rad7 44. Nxc5 Qb6 45. b4 Rc7 46. Bxd5 Rxc5 47. bxc5 Qxc5+ 48. Kf1 Nxd5 49. Rdd2 Qc4+ 50. Rhe2 Nf4 51. Qe1 Nxe2 52. Qxe2 Qxa4 53. Rd8 Rd7 54. Rxd7 Qxd7 55. Qe4 Ne7 56. Kg2 Kg7 57. f4 Qd5 58. Kf3 Qxe4+ 59. Kxe4 exf4 60. Kxf4 Nc6 61. Kg3 Ne5 62. Kh4 Kf7 63. Kh5 Ke7 0-1

[Event "Belgrade Trophy 20th"]
[Site "Belgrade"]
[Date "2007.11.27"]
[Round "6"]
[White "Petrovic, Petar"]
[Black "Micanovic, Dragutin"]
[Result "1-0"]
[WhiteElo "2104"]
[BlackElo "1919"]
[PlyCount "78"]
[EventDate "2007.11.22"]
[EventType "swiss"]
[EventRounds "9"]
[EventCountry "YUG"]
[SourceTitle "CBM 121 Extra"]
[Source "ChessBase"]
[SourceDate "2008.01.10"]
[SourceVersion "1"]
[SourceVersionDate "2008.01.10"]
[SourceQuality "1"]

1. c4 c5 2. Nc3 Nc6 3. g3 g6 4. Bg2 Bg7 5. e3 Nf6 6. Nge2 e5 7. 0-0 0-0 8. Nd5 Nxd5 9. cxd5 Ne7 10. d4 exd4 11. exd4 cxd4 12. Nxd4 d6 13. Bg5 h6 14. Be3 Nf5 15. Nxf5 Bxf5 16. Qd2 Kh7 17. Rac1 b6 18. Rc6 Qe7 19. Bf4 Rfd8 20. Re1 Qf6 21. b3 g5 22. Be3 Rac8 23. Rec1 Qb2 24. Qb4 Bd7 25. h4 Bxc6 26. dxc6 Rc7 27. Be4+ Kg8 28. Qc4 Qe5 29. Bd5 Qe7 30. b4 Kf8 31. b5 Bb2 32. Rc2 Ba3 33. Qd3 Bc5 34. Bd2 Qf6 35. Bc3 Qg6 36. Be4 Qh5 37. Bf5 Re8 38. Bd7 Qg6 39. Bf5 Qh5 1-0

[Event "Belgrade Trophy 20th"]
[Site "Belgrade"]
[Date "2007.11.25"]
[Round "4"]
[White "Zivanovic, Nenad"]
[Black "Micanovic, Dragutin"]
[Result "0-1"]
[WhiteElo "2187"]
[BlackElo "1919"]
[PlyCount "34"]
[EventDate "2007.11.22"]
[EventType "swiss"]
[EventRounds "9"]
[EventCountry "YUG"]
[SourceTitle "CBM 121 Extra"]
[Source "ChessBase"]
[SourceDate "2008.01.10"]
[SourceVersion "1"]
[SourceVersionDate "2008.01.10"]
[SourceQuality "1"]

1. d4 d6 2. Nf3 g6 3. g3 Bg7 4. Bg2 Nd7 5. 0-0 Ngf6 6. Nbd2 0-0 7. e3 e5 8. c3 e4 9. Ng5 d5 10. c4 c6 11. f3 h6 12. Nh3 Re8 13. cxd5 cxd5 14. fxe4 Nxe4 15. Bxe4 dxe4 16. Nc4 Nf6 17. Nf2 Nd5 0-1

[Event "Belgrade Trophy 20th"]
[Site "Belgrade"]
[Date "2007.11.24"]
[Round "3"]
[White "Micanovic, Dragutin"]
[Black "Lecic, Predrag"]
[Result "0-1"]
[WhiteElo "1919"]
[BlackElo "2089"]
[PlyCount "82"]
[EventDate "2007.11.22"]
[EventType "swiss"]
[EventRounds "9"]
[EventCountry "YUG"]
[SourceTitle "CBM 121 Extra"]
[Source "ChessBase"]
[SourceDate "2008.01.10"]
[SourceVersion "1"]
[SourceVersionDate "2008.01.10"]
[SourceQuality "1"]

1. Nf3 Nf6 2. d4 d5 3. c4 c6 4. Nc3 e6 5. cxd5 exd5 6. e3 Bg4 7. Be2 Bd6 8. h3 Bf5 9. Bd3 Bg6 10. Qc2 Nbd7 11. Bd2 Qc7 12. e4 dxe4 13. Nxe4 Nxe4 14. Bxe4 0-0 15. 0-0 Nf6 16. Bxg6 hxg6 17. Rfe1 Bf4 18. Bc3 Nd5 19. Re2 Rfe8 20. Rae1 Rxe2 21. Rxe2 Rd8 22. Ne5 c5 23. g3 Bg5 24. h4 Bf6 25. f4 Qb6 26. dxc5 Qxc5+ 27. Kh2 Nxc3 28. Qxc3 Qxc3 29. bxc3 Rc8 30. Re3 Bxe5 31. fxe5 Kf8 32. Kg2 Ke7 33. Kf3 Rc4 34. Ke2 Ra4 35. Kd3 Rxa2 36. Kd4 Ra4+ 37. Kd5 Ra5+ 38. Kd4 Ke6 39. c4 b5 40. c5 Ra4+ 41. Kd3 Ra3+ 0-1

[Event "Belgrade Trophy 20th"]
[Site "Belgrade"]
[Date "2007.11.22"]
[Round "1"]
[White "Micanovic, Dragutin"]
[Black "Scepanovic, Rade"]
[Result "0-1"]
[WhiteElo "1919"]
[BlackElo "2250"]
[PlyCount "70"]
[EventDate "2007.11.22"]
[EventType "swiss"]
[EventRounds "9"]
[EventCountry "YUG"]
[SourceTitle "CBM 121 Extra"]
[Source "ChessBase"]
[SourceDate "2008.01.10"]
[SourceVersion "1"]
[SourceVersionDate "2008.01.10"]
[SourceQuality "1"]

1. Nf3 d5 2. d4 Nf6 3. g3 c6 4. b3 Bg4 5. Bg2 Nbd7 6. h3 Bh5 7. Bf4 e6 8. Nbd2 Be7 9. Ne5 Nxe5 10. Bxe5 0-0 11. g4 Bg6 12. 0-0 Nd7 13. Bg3 f5 14. f3 f4 15. Be1 Bf6 16. Bf2 e5 17. c3 exd4 18. Bxd4 Bxd4+ 19. cxd4 Qb6 20. Nb1 Rae8 21. Rf2 Re3 22. Qd2 Bxb1 23. Rxb1 Rfe8 24. Rc1 Nf8 25. h4 g5 26. h5 a5 27. Bf1 Qb4 28. Qxb4 axb4 29. Rc2 Ne6 30. Rd2 Nc7 31. Rh2 Nb5 32. Rf2 Nc3 33. Kg2 Ra8 34. Kh3 Rxa2 35. Rxa2 Nxa2 0-1

[Event "Belgrade Trophy 19th"]
[Site "Belgrade"]
[Date "2006.11.23"]
[Round "2"]
[White "Ljubisa, Mitar"]
[Black "Micanovic, Dragutin"]
[Result "1-0"]
[WhiteElo "2101"]
[BlackElo "1911"]
[PlyCount "44"]
[EventDate "2006.11.22"]
[EventType "swiss"]
[EventRounds "9"]
[EventCountry "YUG"]
[SourceTitle "CBM 115 Extra"]
[Source "ChessBase"]
[SourceDate "2007.01.10"]
[SourceVersion "1"]
[SourceVersionDate "2007.01.10"]
[SourceQuality "1"]

1. d4 d5 2. c4 Nf6 3. Nf3 e6 4. e3 Bb4+ 5. Nc3 Ne4 6. Qc2 f5 7. Bd3 0-0 8. 0-0 b6 9. cxd5 exd5 10. Nxd5 Bd6 11. Bxe4 fxe4 12. Qxe4 c6 13. Nc3 Bf5 14. Qh4 Be7 15. Qg3 Bd6 16. Ne5 Qf6 17. f4 Bb4 18. Bd2 Na6 19. e4 Bxc3 20. bxc3 Bc8 21. a4 Re8 22. Ng4 Qd6 1-0

[Event "Belgrade Trophy 18th"]
[Site "Obrenovac"]
[Date "2005.11.29"]
[Round "8"]
[White "Jakovljevic, Zivota"]
[Black "Micanovic, Dragutin"]
[Result "1/2-1/2"]
[WhiteElo "2211"]
[BlackElo "1920"]
[PlyCount "93"]
[EventDate "2005.11.22"]
[EventType "swiss"]
[EventRounds "9"]
[EventCountry "YUG"]
[SourceTitle "CBM 109 Extra"]
[Source "ChessBase"]
[SourceDate "2006.01.03"]
[SourceVersion "2"]
[SourceVersionDate "2006.01.03"]
[SourceQuality "1"]

1. d4 g6 2. c4 Nf6 3. Nc3 Bg7 4. e4 d6 5. f3 Nbd7 6. Be3 e5 7. d5 b6 8. Bd3 Bb7 9. Nge2 Nc5 10. Bc2 a5 11. b3 Ba6 12. Qd2 Qe7 13. a3 Bb7 14. h3 h5 15. Bg5 Qf8 16. Nb5 Kd7 17. 0-0 Bh6 18. b4 axb4 19. axb4 Na6 20. Ba4 Ke7 21. h4 Bxg5 22. hxg5 Nd7 23. Rab1 f5 24. gxf6+ Nxf6 25. Bc2 Qh6 26. Qc3 g5 27. Kf2 h4 28. Ke1 Nh5 29. Rh1 Nf4 30. g3 Nxe2 31. Kxe2 Qf6 32. g4 Qf4 33. c5 bxc5 34. bxc5 Nxc5 35. Nxc7 Rac8 36. Qxc5 dxc5 37. Rxb7 Rb8 38. Ra7 Qg3 39. d6+ Kxd6 40. Rd1+ Kc6 41. Ba4+ Kb6 42. Ra6+ Kb7 43. Rb1+ Kc8 44. Nb5 Qh2+ 45. Ke3 Qf4+ 46. Ke2 Qh2+ 47. Ke3 1/2-1/2

[Event "Belgrade Trophy 18th"]
[Site "Obrenovac"]
[Date "2005.??.??"]
[Round "1"]
[White "Micanovic, Dragutin"]
[Black "Dimitrijevic, Srdjan"]
[Result "0-1"]
[WhiteElo "1920"]
[BlackElo "2260"]
[PlyCount "120"]
[EventDate "2005.11.22"]
[EventType "swiss"]
[EventRounds "9"]
[EventCountry "YUG"]
[SourceTitle "CBM 109 Extra"]
[Source "ChessBase"]
[SourceDate "2006.01.03"]
[SourceVersion "2"]
[SourceVersionDate "2006.01.03"]
[SourceQuality "1"]

1. f4 d5 2. Nf3 Nf6 3. d4 Bf5 4. e3 e6 5. Bd3 Be7 6. Nbd2 h5 7. Bxf5 exf5 8. Qe2 c6 9. c4 a6 10. b3 h4 11. Bb2 Ne4 12. cxd5 cxd5 13. Nxe4 fxe4 14. Ne5 h3 15. g3 f6 16. Ng6 Rh6 17. Nxe7 Qxe7 18. 0-0 f5 19. Rac1 Nc6 20. Rc5 Qf7 21. a3 Rd8 22. b4 Na7 23. Rfc1 Nb5 24. a4 Nd6 25. Ba3 b5 26. a5 Nc4 27. Rc3 Kd7 28. Kh1 Rg8 29. Bc1 g5 30. Bd2 gxf4 31. exf4 Rc8 32. Rxc8 Kxc8 33. Be1 Qf8 34. Rc2 Qg7 35. Bf2 Kd7 36. Rc3 Qg4 37. Qxg4 fxg4 38. Kg1 Rc6 39. Be1 Re6 40. Kf2 e3+ 41. Ke2 Ke7 42. Rc2 Kf6 43. Kd3 Kf5 44. Re2 Re8 45. Bc3 Re6 46. Bb2 Rc6 47. Bc1 Nd6 48. Bxe3 Ne4 49. Bd2 Rc4 50. Be1 Rc1 51. Bd2 Rb1 52. Be1 Rb3+ 53. Kc2 Ra3 54. Kb2 Rd3 55. Rc2 Rd1 56. Bc3 Rg1 57. Kb3 Nxg3 58. hxg3 Rxg3 59. Rh2 Kxf4 60. Rf2+ Rf3 0-1

[Event "Belgrade Trophy 18th"]
[Site "Obrenovac"]
[Date "2005.??.??"]
[Round "5"]
[White "Micanovic, Dragutin"]
[Black "Illijin, Neboisa"]
[Result "0-1"]
[WhiteElo "1920"]
[BlackElo "2242"]
[PlyCount "72"]
[EventDate "2005.11.22"]
[EventType "swiss"]
[EventRounds "9"]
[EventCountry "YUG"]
[SourceTitle "CBM 109 Extra"]
[Source "ChessBase"]
[SourceDate "2006.01.03"]
[SourceVersion "2"]
[SourceVersionDate "2006.01.03"]
[SourceQuality "1"]

1. c4 e6 2. Nc3 Nf6 3. d4 Bb4 4. Bg5 c5 5. a3 Bxc3+ 6. bxc3 Qa5 7. Bd2 d6 8. e3 0-0 9. Bd3 e5 10. Ne2 e4 11. Bc2 Be6 12. d5 Bg4 13. h3 Bh5 14. g4 Bg6 15. Ng3 Re8 16. 0-0 Nfd7 17. Qb1 Ne5 18. Bxe4 Nf3+ 19. Kg2 Nxd2 20. Qxb7 Na6 21. Bxg6 hxg6 22. Rfd1 Rab8 23. Qxa7 Rb2 24. Nf1 Nxf1 25. Kxf1 Qb6 26. Qd7 Rb8 27. Qa4 Qd8 28. Kg2 Qf6 29. Rf1 Nc7 30. Qa5 Ne8 31. Rac1 Qe5 32. Kg1 Nf6 33. Qc7 Ne4 34. Rc2 R2b7 35. Qa5 Ng5 36. Kg2 Qe4+ 0-1